<?xml version="1.0" encoding="UTF-8"?><?xml-stylesheet type="text/xsl" href="static/style.xsl"?><OAI-PMH xmlns="http://www.openarchives.org/OAI/2.0/" xmlns:xsi="http://www.w3.org/2001/XMLSchema-instance" xsi:schemaLocation="http://www.openarchives.org/OAI/2.0/ http://www.openarchives.org/OAI/2.0/OAI-PMH.xsd"><responseDate>2026-04-14T17:52:26Z</responseDate><request verb="GetRecord" identifier="oai:uvadoc.uva.es:10324/36084" metadataPrefix="marc">https://uvadoc.uva.es/oai/request</request><GetRecord><record><header><identifier>oai:uvadoc.uva.es:10324/36084</identifier><datestamp>2021-06-29T23:40:55Z</datestamp><setSpec>com_10324_38</setSpec><setSpec>col_10324_852</setSpec></header><metadata><record xmlns="http://www.loc.gov/MARC21/slim" xmlns:doc="http://www.lyncode.com/xoai" xmlns:xsi="http://www.w3.org/2001/XMLSchema-instance" xmlns:dcterms="http://purl.org/dc/terms/" xsi:schemaLocation="http://www.loc.gov/MARC21/slim http://www.loc.gov/standards/marcxml/schema/MARC21slim.xsd">
<leader>00925njm 22002777a 4500</leader>
<datafield tag="042" ind1=" " ind2=" ">
<subfield code="a">dc</subfield>
</datafield>
<datafield tag="720" ind1=" " ind2=" ">
<subfield code="a">Martínez Soria, Miguel Ángel</subfield>
<subfield code="e">author</subfield>
</datafield>
<datafield tag="260" ind1=" " ind2=" ">
<subfield code="c">2019</subfield>
</datafield>
<datafield tag="520" ind1=" " ind2=" ">
<subfield code="a">Este TFG se fija como objetivos generales:&#xd;
 Presentar los tributos y sus tipos en el ámbito estatal, autonómico y local, así&#xd;
como valorar su importancia por el volumen recaudado, para poder&#xd;
contextualizar el ámbito provincial.&#xd;
 Contextualizar los tributos municipales y sus características.&#xd;
Y como objetivos específicos:&#xd;
 Explicar el proceso de recaudación de los tributos municipales, analizando su&#xd;
clasificación y los distintos periodos.&#xd;
 Evaluar el papel de la Diputación en la recaudación de los tributos municipales.&#xd;
 Comprobar la eficacia recaudatoria provincial, en una provincia con numerosos&#xd;
municipios de reducida dimensión.&#xd;
 Analizar las diferencias existentes entre los distintos municipios de la provincia&#xd;
de Soria y ver la importancia de la recaudación de los tributos locales en el&#xd;
presupuesto municipal</subfield>
</datafield>
<datafield tag="024" ind2=" " ind1="8">
<subfield code="a">http://uvadoc.uva.es/handle/10324/36084</subfield>
</datafield>
<datafield tag="245" ind1="0" ind2="0">
<subfield code="a">La función recaudatoria de la Diputación Provincial de Soria en el ejercicio 2017</subfield>
</datafield>
</record></metadata></record></GetRecord></OAI-PMH>